Musical Movie Slideshow Quiz Stats

Quiz Updated Jan 25, 2015

Challenge
Share
Tweet
Score 0/20 Timer 08:00
8 Plays Today
% Correct
The Sound of Music
99.1%
Grease
96.6%
The Wizard of Oz
96.1%
Mary Poppins
95.4%
Phantom of the Opera
95.1%
Annie
93%
Oliver!
88.1%
Chicago
86.4%
West Side Story
84.2%
Mamma Mia!
84.1%
% Correct
The King and I
82%
Hairspray
80.6%
Sweeney Todd: The Demon Barber of Fleet Street
80.3%
Les Misérables
78%
Fiddler on the Roof
69.9%
Little Shop of Horrors
65.9%
The Producers
65.8%
Footloose
63.4%
Rent
63%
The Music Man
57.3%

You're not logged in!

Compare scores with friends on all Sporcle quizzes.
Sign Up with Email
OR
Log In

You Might Also Like...

Show Comments

Extras

Top Quizzes Today


Score Distribution

Your Account Isn't Verified!

In order to create a playlist on Sporcle, you need to verify the email address you used during registration. Go to your Sporcle Settings to finish the process.